Normal view
MARC view
- المفاوضات-الاتصال الجماهيري
Entry Topical Term
001 - CONTROL NUMBER
- control field: 43114
003 - CONTROL NUMBER IDENTIFIER
- control field: JO-AjAnu
005 - DATE AND TIME OF LATEST TRANSACTION
- control field: 20230606081140.0
008 - FIXED-LENGTH DATA ELEMENTS
- fixed length control field: 230606|| aca||aabn | a|a d
040 ## - CATALOGING SOURCE
- Original cataloging agency: JO-AjAnu
- Transcribing agency: JO-AjAnu
150 ## - HEADING--TOPICAL TERM
- Topical term or geographic name entry element: المفاوضات-الاتصال الجماهيري
670 ## - SOURCE DATA FOUND
- Source citation: Work cat.: (JO-AjAnu)22079: عامر، سامح عبدالمطلب/علاء محمد سيد قنديل/نبيه محمد محمد الصعيدي, author 43113, ادارة التفاوض=negotiation management